01007 a2200241 4500003000500000005001700005010001700022020001500039040000900054082001500063100003000078245006500108260003400173300003400207505014800241650002900389650002900418856008800447856007400535942001300609999001900622952012400641Nust20221128131537.0 a 93006374  a0471575232 cNust00a519.4, AKA1 aAkai, Terrence J.,94047310aApplied numerical methods for engineers /cTerrence J. Akai. aNew York :bJ. Wiley,cc1994. axix, 410 p. :bill. ;c25 cm. aPart-1: Foundation (Page-1), Part- 2: Data Analysis (Page -149), Part -3: Numerical Calculus (Page- 197), Part- 4: Advanced Topics (Page- 269). 0aEngineering mathematics. 0aNumerical analysis.9103423Publisher descriptionuhttp://www.loc.gov/catdir/description/wiley031/93006374.html423Table of Contentsuhttp://www.loc.gov/catdir/toc/onix02/93006374.html cREF2ddc c217070d217070 00102ddc4070aMCSbMCScGENd2016-12-12o519.4, AKApMCS27349r2016-12-08w2016-12-12yBKzAlmirah No.14, Shelf No.3